Mind Machines you can build

Bibliographic Details
Main Author: Stine, G.Harry
Format: Book
Published: Kuala Lumpur : Golden Books Centre , 1992
Subjects:

MARC

LEADER 00000cam a2200000 7i4500
001 0000004096
002 000004408
005 20000330.0
020 |a 9837200308 
090 0 0 |a 153.42   |b STI 
100 1 |a Stine, G.Harry 
245 1 0 |a Mind Machines you can build   |c G.Harry Stine 
260 |a Kuala Lumpur :   |b Golden Books Centre ,   |c 1992 
300 |a 208p. ;   |c 22cm. 
650 0 0 |a Thought and thinking 
999 |a 033412   |b BUKU   |c PINJAMAN   |e PERPUSTAKAAN KOMUNITI PETALING JAYA